000 00615nam a2200229Ia 4500
003 OSt
005 20221007081545.0
006 a|||||r|||| 00| 0
007 ta
008 221006b |||||||| |||| 00| 0 eng d
024 _a13,567
037 _cTextual
040 _aFLL
_cFLL
_beng
041 _2eng
_aeng
082 _aV73:2:N4z62, H6
100 _aBeard Charles A.
245 0 _aRepublic conversations on fundamentals
260 _aNew York
_bThe Viking Press New
_c1946
300 _a365p
_ccm.
942 _hV73:2:N4z62, H6
_cTEXL
_2CC
999 _c1163453
_d1163453